000
00290nam a2200133Ia 4500
100
_a
Intel
942
_c
RB
654
_a
Computer
245
_a
Multimedia & Supercomputing Processors
260
_b
Intel Publication
_a
USA
_c
1992
082
_a
4.35
_b
PAN
546
_a
ENGLISH
999
_c
27696
_d
27696